000 01022 a2200217 4500
999 _c2935
_d2935
020 _a0582472865
050 0 0 _aJV1011 CAI 2002
100 1 _aCain, P. J.,
_d1941-
245 1 0 _aBritish imperialism :
_b1688-2000 /
_cP.J. Cain and A.G. Hopkins.
250 _a2nd ed.
264 _aHarlow
_bPearson
_c2002
300 _ap. cm.
500 _aBritish imperialism
504 _aIncludes bibliographical references and index.
650 _aImperialism
651 0 _aGreat Britain
700 1 _aHopkins, A. G.
_q(Anthony G.)
856 4 2 _3Contributor biographical information
_uhttp://www.loc.gov/catdir/enhancements/fy1315/2001029981-b.html
942 _2lcc
_cBK
_h1011
_iCAI
_kJV